Fuchsia lexicon /

Bibliographic Details
Main Author: Ewart, Ron
Format: Book
Language:English
Published: New York : Van Nostrand Reinhold, 1982.
Subjects:

MARC

Tag First Indicator Second Indicator Subfields
LEADER 00000pam a2200000 a 4500
001 in00000086239
005 20151008062620.0
008 811102s1982 nyua bd 00110 eng
010 |a  81019865  
020 |a 0442222831 :  |c $30.00 (est.) 
035 |a (OCoLC)07975893 
035 |9 AAK0595AM 
039 0 |a 2  |b 3  |c 3  |d 3  |e 3 
040 |a DLC  |c DLC  |d TXA  |d UtOrBLW 
049 |a TXAM  |c [802367] 
050 0 0 |a SB413 F8  |b  E9 
082 0 |a 635.9/3344  |2 19 
100 1 |a Ewart, Ron. 
245 1 0 |a Fuchsia lexicon /  |c Ron Ewart. 
264 1 |a New York :  |b Van Nostrand Reinhold,  |c 1982. 
300 |a 336 pages :  |b illustrations (some color) ;  |c 25 cm. 
336 |a text  |b txt  |2 rdacontent 
337 |a unmediated  |b n  |2 rdamedia 
338 |a volume  |b nc  |2 rdacarrier 
500 |a Includes index. 
504 |a Bibliography: page 331. 
650 0 |a Fuchsia  |x Varieties  |x Dictionaries. 
999 |a MARS 
999 f f |s 5a46b884-063b-3eb0-a9a7-76e74d40308a  |i 56b0f35a-b96f-36e2-882f-4fb6b0538411  |t 0 
952 f f |p ric  |a Texas A&M University  |b Rellis Campus  |c Joint Library Facility  |d Remote Storage  |t 0  |e SB413 F8 E9  |h Library of Congress classification  |i unmediated -- volume  |m A14805957712 
998 f f |a SB413 F8 E9  |t 0  |l Remote Storage